Szczegóły MARC21

Park Narodowy Bory Tucholskie u progu nowej dekady /

005 -DATA I CZAS OSTATNIEJ MODYFIKACJI [,]
    • @
    • pole kontrolne
    • 20100817114629.0
020 -Międzynarod. znormalizowany nr książki - ISBN [ , ]
    • a
    • Numer ISBN
    • 8370966098 Find
040 -Instytucja sporządzająca opis [ , ]
    • a
    • Instytucja, która sporządziła opis (NP)
    • SZCZ U/DL
    • c
    • Instytucja, która sporządziła rekord (NP)
    • SZCZ U/DL
    • d
    • Instytucja, która zmodyfikowała rekord (P)
    • SZCZ U/MS
041 -Język dokumentu [0, ]
    • a
    • Język tekstu (P)
    • polski
044 -Kraj miejsca wydania [ , ]
    • a
    • Kraj miejsca wydania
    • Polska
942 -Rodzaj dokumentu [ , ]
    • c
    • Rodzaj dokumentu
    • Książka
245 -Strefa tytułu i oznaczenia odpowiedzialności [0,0]
    • a
    • Tytuł
    • Park Narodowy Bory Tucholskie u progu nowej dekady / Find
    • c
    • Pozostałe elementy strefy tytułu i oznaczenia odpowiedzialności (NP)
    • red. Józef Banaszak i Kazimierz Tobolski.
260 -Strefa adresu wydawniczego [ , ]
    • a
    • Miejsce wydania (P)
    • Bydgoszcz :
    • b
    • Nazwa wydawcy (P)
    • Wydawnictwo Uniwersytetu Kazimierza Wielkiego,
    • c
    • Data wydania (P)
    • 2006.
300 -Strefa opisu fizycznego [ , ]
    • a
    • Określenie formy książki i/lub objętość (NP)
    • 318 s. :
    • b
    • Oznaczenie ilustracji (NP)
    • il. ;
    • c
    • Format (NP)
    • 24 cm.
504 -Uwaga dot. bibliogr. załącznikowej [ , ]
    • a
    • Uwaga dot. bibliografii załącznikowej
    • Bibliogr.
080 -Uniwersalna Klasyfikacja Dziesiętna [ , ]
    • 2
    • Identyfikator wydania tablic
    • UDC-P058
    • 9
    • UKD
    • 6797
    • a
    • Symbol klasyfikacji
    • 913
    • b
    • Dopowiedzenie
    • Geografia regionalna w ogólności. Geografia świata starożytnego i nowożytnego.
    • 4
    • UKD2
    • 7642
    • x
    • Poddział wspólny
    • (438)
    • c
    • Dopowiedzenie poddz. wspólnego
    • (Polska).
    • 4
    • UKD2
    • 16379
    • x
    • Poddział wspólny
    • (1-751)
    • c
    • Dopowiedzenie poddz. wspólnego
    • (Tereny, obszary parków narodowych, rezerwatów).
080 -Uniwersalna Klasyfikacja Dziesiętna [ , ]
    • 2
    • Identyfikator wydania tablic
    • UDC-P058
    • 9
    • UKD
    • 4000
    • a
    • Symbol klasyfikacji
    • 502.5
    • b
    • Dopowiedzenie
    • Powierzchnia Ziemi. Krajobraz. Rezerwaty. Parki krajobrazowe.
980 -Symbol UKD [ , ]
    • a
    • UKD
    • 913(438-751)Bory Tucholskie:502.5
700 -Hasło dodatkowe - nazwa osobowa [1, ]
    • 9
    • KHW
    • 16380
    • a
    • Nazwa osobowa (NP)
    • Banaszak, Józef Find
    • d
    • Daty biograficzne (NP)
    • (1947- ).
    • e
    • Określenie rodzaju współpracy
    • Red.
700 -Hasło dodatkowe - nazwa osobowa [1, ]
    • 9
    • KHW
    • 16381
    • a
    • Nazwa osobowa (NP)
    • Tobolski, Kazimierz Find
    • d
    • Daty biograficzne (NP)
    • (1936- ).
    • e
    • Określenie rodzaju współpracy
    • Red.
920 -ISBN [ , ]
    • a
    • ISBN
    • 83-7096-609-8 Find
Numer inwentarzowy Lokalizacja Status udost. Data inwentaryzacji
Z.111310BG12008-09-11